| 000 | 02442nam a2200421 i 4500 | ||
|---|---|---|---|
| 001 | 193318 | ||
| 003 | SpMaBN | ||
| 005 | 20240901063027.0 | ||
| 007 | ta | ||
| 008 | 231102s2010 sp | |||| 000 f spa | ||
| 017 |
_aM 32196-2010 _bOficina Depósito Legal Madrid |
||
| 020 | _a9788497349963 | ||
| 035 | _a(OCoLC)1322828339 | ||
| 035 | _aa7117949 | ||
| 040 |
_aSpMaBN _bspa _cSpMaBN _erda _dES-MaACL |
||
| 080 | _a821.134.2-31"19" | ||
| 100 | 1 |
_aPérez Henares, Antonio, _d1953- _eaut _9138463 |
|
| 245 | 1 | 3 |
_aLa mirada del lobo : _bla novela que relata cómo el hombre y el lobo unieron sus destinos / _cAntonio Pérez Henares |
| 250 | _aPrimera edición: octubre de 2010. | ||
| 264 | 1 |
_aMadrid : _bLa Esfera de los Libros, _c2010 |
|
| 300 |
_a256 páginas ; _c24 cm |
||
| 336 |
_aTexto _2rdacontent |
||
| 337 |
_asin mediación _2rdamedia |
||
| 338 |
_avolumen _2rdacarrier |
||
| 490 | 1 | _aNovela histórica | |
| 500 | _aÍndice | ||
| 500 | _aCuarto libro de la saga prehistórica. | ||
| 520 | _aEl hombre y el lobo se habían visto cada invierno. Pero el lobo había observado mucho más tiempo al hombre que el hombre al lobo. Sabía más el lobo del hombre que el hombre del lobo. Y era el lobo quien se acercaba al hombre y lo miraba...Así comienza esta apasionante novela en la que Antonio Pérez Henares recrea con inigualable maestría, con una sensibilidad a flor de tierra, aquel momento prehistórico en el que el lobo y el hombre cruzaron sus caminos para iniciar una relación de lealtad y amistad que todavía perdura.... El hombre aún pensó, mientras volvían a cerrársele los ojos al calor de la hoguera, ¿había hecho bien trayendo al lobo? Y, de repente, otra idea asaltó su cerebro somnoliento. Tal vez el lobo también estuviera pensando si había hecho bien viniendo al fuego del hombre. | ||
| 655 | 0 |
_aNovelas de acción y aventuras _2tgfbne _9234459 |
|
| 830 |
_9234263 _aNovela histórica (La Esfera de los Libros) |
||
| 852 |
_aES-MaACL _bR.154737 _9200763 _jN-9511 _cDEPOJ _hDonación: Antonio Pérez Henares _gDedicatoria autógrafa del autor _xEncuadernación cartoné con sobrecubiertas |
||
| 903 |
_aPérez Henares, Antonio, _d1953- _ednr _9138463 |
||
| 942 |
_n0 _cMONOGRAFIA |
||
| 999 |
_c193318 _d193318 |
||